[Event "New England -v- knightworm78 on 13 boards"]
[Site "SchemingMind.com"]
[Date "2017.11.22"]
[Round "-"]
[White "Holty"]
[Black "spoke"]
[Result "0-1"]
[WhiteCountry "ENG"]
[BlackCountry "GER"]
[WhiteElo "1744"]
[WhiteRD "58"]
[BlackElo "1729"]
[BlackRD "70"]
[GameID "420869"]

1. d4 Nf6 2. Nf3 d5 3. e3 Bg4 4. h3 Bh5 5. c4 e6 6. Nc3 a6 7. cxd5 Nxd5 8. Nxd5 exd5 9. Qc2 Bxf3 10. gxf3 c6
11. Bd3 Nd7 12. Bd2 Bd6 13. O-O-O Qe7 14. Bxh7 g6 15. Bxg6 fxg6 16. Qxg6+ Kd8 17. f4 Kc7 18. Qd3 Bb4 19. Rdg1 Rag8 20. a3 Bxd2+
21. Qxd2 Rxg1+ 22. Rxg1 Rxh3 23. Qd3 Qh4 24. Qe2 Rh2 25. Rf1 Nf6 26. Kd1 Ng4 27. Ke1 Rg2 28. Qd2 Nh2 29. Qa5+ Kc8 30. Qd2 Nf3+
0-1

[Event "New England -v- knightworm78 on 13 boards"]
[Site "SchemingMind.com"]
[Date "2017.11.23"]
[Round "-"]
[White "spoke"]
[Black "Holty"]
[Result "0-1"]
[WhiteCountry "GER"]
[BlackCountry "ENG"]
[WhiteElo "1729"]
[WhiteRD "70"]
[BlackElo "1744"]
[BlackRD "58"]
[GameID "420882"]

1. e4 e6 2. d4 d5 3. Nc3 dxe4 4. Nxe4 Bd7 5. Nf3 Bc6 6. Bd3 Nd7 7. O-O Ngf6 8. Bg5 Be7 9. c4 Bxe4 10. Bxe4 Nxe4
11. Bxe7 Qxe7 12. d5 O-O 13. Re1 Nef6 14. dxe6 fxe6 15. Ng5 e5 16. Re3 Rad8 17. Qe2 Rfe8 18. a3 h6 19. Nh3 Qf7 20. Re1 Re7
21. Nf4 Rde8 22. Nd3 c6 23. Nxe5 Rxe5
0-1

[Event "New England -v- knightworm78 on 13 boards"]
[Site "SchemingMind.com"]
[Date "2017.11.19"]
[Round "-"]
[White "Ronald R. Nurmi"]
[Black "kenneth m day"]
[Result "0-1"]
[WhiteCountry "USA"]
[BlackCountry "USA"]
[WhiteElo "1766"]
[WhiteRD "74"]
[BlackElo "1716"]
[BlackRD "59"]
[GameID "420870"]

1. d4 Nf6 2. Bf4 d6 3. Nc3 g6 4. e4 Bg7 5. Qd2 O-O 6. O-O-O Bd7 7. Bh6 e5 8. dxe5 dxe5 9. Bxg7 Kxg7 10. h4 Nc6
11. Be2 Nd4 12. f4 Nxe2+ 13. Ngxe2 Bg4 14. g3 Qe7 15. f5 gxf5 16. exf5 h6 17. Rhf1 Rad8 18. Qe3 Rxd1+ 19. Nxd1 Rd8 20. Nf2 Bxf5
21. Rg1 c5 22. g4 Bg6 23. h5 Bh7 24. g5 hxg5 25. Rxg5+ Kh8 26. Rxe5 Qd6 27. h6 b6 28. Re7 Rd7 29. Qg5 Bg6 30. Rxd7 Nxd7
31. Ng4 Qe6 32. Nc3 Qf5 33. Qxf5 Bxf5 34. Ne3 Be6 35. Ne4 Kh7 36. Ng5+ Kxh6 37. Nf3 Nf6 38. a3 Nh5 39. Kd2 Nf4 40. c3 f5
41. c4 Kg6 42. b3 Kf6 43. Nh4 Ke5 44. Nf3+ Kf6 45. Nh4 Nh5 46. Nf3 f4 47. Ng2 Kf5 48. Kd3 Ng3 49. Nge1 Bd7 50. Kd2 Bc6
51. Kd3 Be4+
0-1

[Event "New England -v- knightworm78 on 13 boards"]
[Site "SchemingMind.com"]
[Date "2017.11.19"]
[Round "-"]
[White "kenneth m day"]
[Black "Ronald R. Nurmi"]
[Result "0-1"]
[WhiteCountry "USA"]
[BlackCountry "USA"]
[WhiteElo "1716"]
[WhiteRD "59"]
[BlackElo "1766"]
[BlackRD "74"]
[GameID "420883"]

1. e4 d5 2. exd5 Qxd5 3. Nc3 Qd6 4. d4 Nf6 5. Nf3 c6 6. Be2 Bg4 7. O-O Nbd7 8. h3 Bh5 9. Be3 e6 10. Qd2 Qc7
11. Rfe1 Bd6 12. a3 O-O 13. Rad1 Rad8 14. Bg5 h6 15. Bh4 Bf4 16. Qd3 Bg6 17. Qc4 Bxc2 18. Nb5 Qb6 19. Qxc2 cxb5 20. Qb3 a6
21. Ne5 Nxe5 22. dxe5 Bxe5 23. Bf3 Qc7 24. Kh1 b6 25. Qe3 Rxd1 26. Bxd1 Bxb2 27. Re2 Nd5 28. Qd3 Nf4 29. Rc2 Nxd3 30. Rxc7 Bd4
31. Rd7 Nxf2+ 32. Bxf2 Bxf2 33. g4 Rc8 34. Kg2 Bc5 35. Bf3 Bxa3 36. Bb7 Rc2+ 37. Kg3 Rc3+ 38. Kh4 g5+
0-1

[Event "New England -v- knightworm78 on 13 boards"]
[Site "SchemingMind.com"]
[Date "2017.11.18"]
[Round "-"]
[White "abuteague"]
[Black "bartleby en passant"]
[Result "1-0"]
[WhiteCountry "USA"]
[BlackCountry "IRL"]
[WhiteElo "1683"]
[WhiteRD "71"]
[BlackElo "1600"]
[BlackRD "91"]
[GameID "420871"]

1. d4 d5 2. c4 dxc4 3. a4 e5 4. e3 exd4 5. Bxc4 Bc5 6. Qf3 Nf6 7. exd4 Bxd4 8. Ne2 Nc6 9. O-O O-O 10. Nxd4 Qxd4
11. Bb5 Ne5 12. Qd1 Qxd1 13. Rxd1 c6 14. Bf1 Bf5 15. Nc3 Rfe8 16. Bf4 h6 17. h3 Rad8 18. Rxd8
1-0

[Event "New England -v- knightworm78 on 13 boards"]
[Site "SchemingMind.com"]
[Date "2017.11.20"]
[Round "-"]
[White "bartleby en passant"]
[Black "abuteague"]
[Result "0-1"]
[WhiteCountry "IRL"]
[BlackCountry "USA"]
[WhiteElo "1600"]
[WhiteRD "91"]
[BlackElo "1683"]
[BlackRD "71"]
[GameID "420884"]

1. d4 d6 2. e4 Nf6 3. Nc3 c6 4. Bg5 h6 5. Bxf6 exf6 6. Bc4 Be7 7. Nf3 Bg4 8. h3 Bxf3 9. Qxf3 b5 10. Bb3 a5
11. a3 O-O 12. O-O Nd7 13. Rfe1 Rc8 14. Ne2 a4 15. Ba2 Nb6 16. b4 Nc4 17. Bxc4 bxc4 18. c3 d5 19. exd5 cxd5 20. Nf4 Bd6
21. Nxd5 Re8 22. Ne3 Bb8 23. Re2 Qc7 24. Rae1 Qh2+
0-1

[Event "New England -v- knightworm78 on 13 boards"]
[Site "SchemingMind.com"]
[Date "2017.11.18"]
[Round "-"]
[White "Erik Johnson"]
[Black "ray winteringham"]
[Result "1-0"]
[WhiteCountry "USA"]
[BlackCountry "ENG"]
[WhiteElo "1622"]
[WhiteRD "68"]
[BlackElo "1483"]
[BlackRD "52"]
[GameID "420872"]

1. e4 e5 2. Nf3 Nc6 3. Bb5 d6 4. Nc3 Bd7 5. d3 Be7 6. Nd5 Nf6 7. Nxe7 Nxe7 8. Bxd7+ Qxd7 9. O-O h6 10. Ne1 O-O
11. f4 Qg4 12. Qxg4 Nxg4 13. f5 Nf6 14. Rf3 Nc6 15. c3 Ne7 16. Rg3 Kh7 17. Nf3 b6 18. Rh3 Rh8 19. Bd2 a5 20. b3 Neg8
21. Ng5#
1-0

[Event "New England -v- knightworm78 on 13 boards"]
[Site "SchemingMind.com"]
[Date "2017.11.18"]
[Round "-"]
[White "ray winteringham"]
[Black "Erik Johnson"]
[Result "0-1"]
[WhiteCountry "ENG"]
[BlackCountry "USA"]
[WhiteElo "1483"]
[WhiteRD "52"]
[BlackElo "1622"]
[BlackRD "68"]
[GameID "420885"]

1. e4 d5 2. exd5 Qxd5 3. Nc3 Qa5 4. Nf3 Bg4 5. h3 Bh5 6. Be2 Nf6 7. d3 c6 8. Bd2 Qd8 9. Nh4 Bxe2 10. Qxe2 e6
11. a3 Be7 12. Bg5 Nbd7 13. O-O-O Qa5 14. Bd2 Bxa3 15. Nb1 Bxb2+ 16. Kxb2 Qb5+ 17. Kc1 a5 18. Nf3 a4 19. Nd4 Qb6 20. Be3 Qb4
21. c3 Qa5 22. Qa2 Nd5 23. Bd2 Nc5 24. Qc2 a3 25. c4 Nb4 26. Bxb4 Qxb4 27. Qa2 O-O 28. Nc2 Nb3+
0-1

[Event "New England -v- knightworm78 on 13 boards"]
[Site "SchemingMind.com"]
[Date "2017.11.18"]
[Round "-"]
[White "JimM"]
[Black "Wolli"]
[Result "1-0"]
[WhiteCountry "USA"]
[BlackCountry "GER"]
[WhiteElo "1562"]
[WhiteRD "93"]
[BlackElo "1575"]
[BlackRD "99"]
[GameID "420873"]

1. e4 d6 2. d4 Nf6 3. Nc3 g6 4. Nf3 Bg7 5. Be2 O-O 6. O-O Nbd7 7. e5 dxe5 8. dxe5 Ng4 9. e6 fxe6 10. Nd4 Bxd4
11. Qxd4 Ngf6 12. Bh6 Rf7 13. Bc4 c5 14. Qe3 Ng4 15. Qg5 Nxh6 16. Qxh6 Ne5 17. Bb3 c4 18. Ba4 a6 19. Rfe1 Rxf2 20. Rxe5 Qd4
21. Qe3
1-0

[Event "New England -v- knightworm78 on 13 boards"]
[Site "SchemingMind.com"]
[Date "2017.11.18"]
[Round "-"]
[White "Wolli"]
[Black "JimM"]
[Result "0-1"]
[WhiteCountry "GER"]
[BlackCountry "USA"]
[WhiteElo "1509"]
[WhiteRD "86"]
[BlackElo "1644"]
[BlackRD "90"]
[GameID "420886"]

1. c4 g6 2. g3 Nf6 3. Bg2 Bg7 4. Nc3 O-O 5. Nf3 d6 6. O-O e5 7. b3 Nbd7 8. Bb2 Nc5 9. Ne1 c6 10. e3 Re8
11. d4 exd4 12. exd4 Nce4 13. Nxe4 Nxe4 14. Nd3 Qb6 15. Nf4 Bf5 16. Re1 c5 17. Ne2 Re7 18. Bxe4 Bxe4 19. Nc3 Rae8 20. Nxe4 Rxe4
21. Rxe4 Rxe4 22. Qd3 Re6 23. d5 Re8 24. Bxg7 Kxg7 25. Qc3+ Kg8 26. Re1 Rf8 27. Qf6 Qa5 28. Re2 Qb6 29. Re7 Qa6 30. Re2 b5
31. cxb5 Qxb5 32. Qe7 Qb6 33. Qd7 Rd8 34. Re8+ Rxe8 35. Qxe8+ Kg7 36. Qc6 Qd8 37. a3 Qb8 38. Qa4 Qb7 39. Qc4 Qe7 40. Kf1 Qe5
41. a4 h5 42. h4 f6 43. f3 Qxg3
0-1

[Event "New England -v- knightworm78 on 13 boards"]
[Site "SchemingMind.com"]
[Date "2017.11.19"]
[Round "-"]
[White "Clem"]
[Black "Mick Holmes"]
[Result "1-0"]
[WhiteCountry "USA"]
[BlackCountry "ENG"]
[WhiteElo "1426"]
[WhiteRD "65"]
[BlackElo "1446"]
[BlackRD "68"]
[GameID "420874"]

1. e4 e5 2. Nf3 Bd6 3. Bc4 f6 4. d4 h6 5. Nc3 Ne7 6. Nd5 c6 7. Nxe7 Qxe7 8. O-O b5 9. Be2 c5 10. dxc5 Bxc5
11. Bxb5 a6 12. Bc4 Bb7 13. Qd3 Nc6 14. Nh4 Qd8 15. Ng6 Rh7 16. Qd5
1-0

[Event "New England -v- knightworm78 on 13 boards"]
[Site "SchemingMind.com"]
[Date "2017.11.18"]
[Round "-"]
[White "Mick Holmes"]
[Black "Clem"]
[Result "0-1"]
[WhiteCountry "ENG"]
[BlackCountry "USA"]
[WhiteElo "1446"]
[WhiteRD "68"]
[BlackElo "1426"]
[BlackRD "65"]
[GameID "420887"]

1. e4 e5 2. Nf3 d6 3. d4 Nc6 4. Bc4 h6 5. Be3 Nf6 6. Nc3 Bg4 7. d5 Ne7 8. Qe2 c6 9. O-O-O a6 10. dxc6 Nxc6
11. h3 Be6 12. Bc5 Qc7 13. Bxe6 fxe6 14. Be3 O-O-O 15. Rd3 Kb8 16. Na4 d5 17. Bb6 Qd7 18. Bxd8 Qxd8 19. Rb3 Qa5 20. Nc3 dxe4
21. Nxe4 Ka7 22. Qe3+ b6 23. a4 Nd5 24. Qd3 Ncb4 25. Qc4 Qxa4 26. Ra3 Na2+ 27. Qxa2 Bxa3 28. Kb1 Qxe4 29. Qxa3 Rc8 30. Ne1 Qe2
31. f3 Rc7 32. Qa4 a5 33. Qe8 Nb4 34. Qa4 Qd1#
0-1

[Event "New England -v- knightworm78 on 13 boards"]
[Site "SchemingMind.com"]
[Date "2017.11.22"]
[Round "-"]
[White "newenglandbasselope"]
[Black "James Reed"]
[Result "0-1"]
[WhiteCountry "USA"]
[BlackCountry "ENG"]
[WhiteElo "1444"]
[WhiteRD "65"]
[BlackElo "1315"]
[BlackRD "86"]
[GameID "420875"]

1. d4 d5 2. e3 Nf6 3. f3 Nc6 4. a3 a6 5. c4 e5 6. Ne2 dxc4 7. dxe5 Qxd1+ 8. Kxd1 Nxe5 9. Nd4 c5 10. Nc2 Bf5
11. e4 Bg6 12. Nc3 h6 13. Ne3 b5 14. Ncd5 Nxd5 15. Nxd5 Bd6 16. Bf4 O-O 17. Be2 Rab8 18. b4 Rfe8 19. Be3 cxb4 20. axb4 Ra8
21. Nf4 Bxb4 22. Nxg6 Nxg6 23. Rb1 a5 24. f4 Rad8+ 25. Kc1 Rxe4 26. Bb6 Ba3+ 27. Kc2 Rxe2+ 28. Kc3 Rd3#
0-1

[Event "New England -v- knightworm78 on 13 boards"]
[Site "SchemingMind.com"]
[Date "2017.11.22"]
[Round "-"]
[White "James Reed"]
[Black "newenglandbasselope"]
[Result "1-0"]
[WhiteCountry "ENG"]
[BlackCountry "USA"]
[WhiteElo "1315"]
[WhiteRD "86"]
[BlackElo "1444"]
[BlackRD "65"]
[GameID "420888"]

1. e4 e5 2. Nf3 d6 3. d4 Nd7 4. Bc4 c6 5. O-O h6 6. dxe5 dxe5 7. Bxf7+ Kxf7 8. Nxe5+ Ke8 9. Qh5+ Ke7 10. Qf7+ Kd6
11. Nc4+ Kc5 12. Be3+ Kb5 13. Nca3+ Bxa3 14. Nxa3+ Ka6 15. Qc4+ Ka5 16. b4+ Ka4 17. Qb3#
1-0

[Event "New England -v- knightworm78 on 13 boards"]
[Site "SchemingMind.com"]
[Date "2017.11.19"]
[Round "-"]
[White "Roger Martindale"]
[Black "Black Knight"]
[Result "0-1"]
[WhiteCountry "USA"]
[BlackCountry "USA"]
[WhiteElo "1311"]
[WhiteRD "90"]
[BlackElo "1304"]
[BlackRD "47"]
[GameID "420876"]

1. e4 c5 2. c4 d6 3. Nc3 Nf6 4. h3 e5 5. d3 Be6 6. Nf3 Be7 7. Nd5 Bxd5 8. cxd5 Nbd7 9. b4 O-O 10. b5 Nb6
11. a4 Nbd7 12. g4 h6 13. Be3 Nb6 14. a5 Nbd7 15. Bd2 b6 16. a6 c4 17. dxc4 Nc5 18. g5 Nfxe4 19. gxh6 gxh6 20. Rg1+ Kh8
21. Bxh6 Rg8 22. Rxg8+ Qxg8 23. Qc2 Qh7 24. Qc1 Rg8 25. Nh2 Bg5 26. Bxg5 f6 27. Ng4 Nxg5 28. Nxf6 Qf5 29. Nxg8 Kxg8 30. Ra2 Nxh3
31. Bxh3 Qxh3 32. Qg5+ Kf7 33. Re2 Nd3+ 34. Kd2 Nf4 35. Re3 Qf1 36. Qf5+ Ke7 37. Qh7+ Kf6 38. Qxa7 Qxf2+ 39. Re2 Qxe2+ 40. Kc3 Qd3+
41. Kb4 Qd2+ 42. Kb3 Qd1+ 43. Kc3 Qd3+ 44. Kb4 Qb1+ 45. Kc3 Qa1+ 46. Kd2 Qb2+ 47. Ke3 Qd4+ 48. Kf3 Qd3+ 49. Kg4 Qf5+ 50. Kg3 Ne2+
0-1

[Event "New England -v- knightworm78 on 13 boards"]
[Site "SchemingMind.com"]
[Date "2017.11.19"]
[Round "-"]
[White "Black Knight"]
[Black "Roger Martindale"]
[Result "1-0"]
[WhiteCountry "USA"]
[BlackCountry "USA"]
[WhiteElo "1351"]
[WhiteRD "51"]
[BlackElo "1332"]
[BlackRD "94"]
[GameID "420889"]

1. e4 e5 2. Nf3 d6 3. Bc4 h6 4. d4 Qe7 5. Be3 a6 6. Nc3 Nf6 7. Qd2 exd4 8. Bxd4 Nxe4 9. Qe3 c5 10. Bxc5 dxc5
11. Nxe4 Be6 12. Bxe6 Qxe6 13. O-O b6 14. Rfe1 Nc6 15. Nc3 Nb4 16. Qxe6+ fxe6 17. Rxe6+ Be7 18. Rae1 Ra7 19. Ne5 Nxc2 20. Re4 Nb4
21. Ng6 Rg8 22. Rxe7+ Kd8 23. Rxa7 Nc6 24. Ra8+
1-0

[Event "New England -v- knightworm78 on 13 boards"]
[Site "SchemingMind.com"]
[Date "2017.11.19"]
[Round "-"]
[White "surfnsuds"]
[Black "wight knight"]
[Result "0-1"]
[WhiteCountry "USA"]
[BlackCountry "ENG"]
[WhiteElo "1336"]
[WhiteRD "84"]
[BlackElo "1350"]
[BlackRD "63"]
[GameID "420877"]

1. d4 Nc6 2. Nf3 f6 3. c4 g5 4. Nc3 Bh6 5. d5 Ne5 6. Nxe5 fxe5 7. e3 d6 8. Qf3 g4 9. Qg3 Nf6 10. f4 gxf3
11. Qxf3 Bg4 12. Qf2 c6 13. h3 Bd7 14. g4 a5 15. e4 Bxc1 16. Rxc1 cxd5 17. exd5 a4 18. Qb6 Qxb6
0-1

[Event "New England -v- knightworm78 on 13 boards"]
[Site "SchemingMind.com"]
[Date "2017.11.19"]
[Round "-"]
[White "wight knight"]
[Black "surfnsuds"]
[Result "1-0"]
[WhiteCountry "ENG"]
[BlackCountry "USA"]
[WhiteElo "1350"]
[WhiteRD "63"]
[BlackElo "1336"]
[BlackRD "84"]
[GameID "420890"]

1. e4 c5 2. Bc4 Nf6 3. f3 e6 4. d3 d5 5. Bb5+ Bd7 6. Bxd7+ Nbxd7 7. Bg5 Qb6 8. Bxf6 Nxf6 9. exd5 Nxd5 10. Qe2 Qxb2
11. c4 Qxa1 12. Qd1 Nc3 13. Nxc3 Qxc3+ 14. Qd2 Qd4 15. Ne2 Qe5 16. O-O Bd6 17. f4 Qf6 18. g4 Qh4 19. Ng3 O-O 20. g5 Rae8
21. f5 Bxg3 22. hxg3 Qxg3+ 23. Kh1 Qc7 24. f6 gxf6 25. gxf6 Qc6+ 26. Kg1 e5 27. Qg5+ Kh8 28. Qg7#
1-0

[Event "New England -v- knightworm78 on 13 boards"]
[Site "SchemingMind.com"]
[Date "2017.11.23"]
[Round "-"]
[White "sebking"]
[Black "DANDYLIONHONEYBADGER"]
[Result "0-1"]
[WhiteCountry "CAN"]
[BlackCountry "USA"]
[WhiteElo "1324"]
[WhiteRD "95"]
[BlackElo "1309"]
[BlackRD "69"]
[GameID "420878"]

1. e4 e5 2. Nf3 Nc6 3. Bb5 a6 4. Bxc6 bxc6 5. Nxe5 Nh6 6. Qf3 Qf6 7. Qxf6 gxf6 8. Nd3 d6 9. O-O Ng4 10. Nf4 h5
11. h3 Ne5 12. d4 Ng6 13. Nxg6 fxg6 14. f3 g5 15. b4 Bg7 16. Nc3 f5 17. Bxg5 Bxd4+ 18. Kh2 Bxc3 19. Rad1 Bxb4 20. Rd3 f4
21. Bxf4 O-O 22. Bh6 Rf6 23. Be3 Be6 24. a3 Ba5 25. f4 Bc4 26. Rf3 Bxd3 27. cxd3 Bb6 28. Bd2 h4 29. f5 Bd4 30. Bg5 Be5+
31. Kg1 Rf7 32. Bxh4 Rb8 33. g4 Rb1+ 34. Kg2 Rb2+ 35. Bf2 Rd2 36. h4 Bd4 37. h5 Bxf2 38. Rxf2 Rxd3 39. h6 Re7 40. Re2 d5
41. g5 Rxe4 42. Rf2 Rg4+ 43. Kf1 Rxg5 44. f6 Kf7 45. h7 Rh5 46. a4 Rxh7 47. a5 d4 48. Rf4 c5 49. Rf5 Rc3 50. Ke2 Re3+
51. Kd2 Rh2+
0-1

[Event "New England -v- knightworm78 on 13 boards"]
[Site "SchemingMind.com"]
[Date "2017.11.23"]
[Round "-"]
[White "DANDYLIONHONEYBADGER"]
[Black "sebking"]
[Result "0-1"]
[WhiteCountry "USA"]
[BlackCountry "CAN"]
[WhiteElo "1350"]
[WhiteRD "80"]
[BlackElo "1322"]
[BlackRD "91"]
[GameID "420891"]

1. e4 e5 2. Nc3 Nf6 3. g3 Bb4 4. a3 Bxc3 5. bxc3 O-O 6. f3 d5 7. Bd3 d4 8. Ne2 Bh3 9. cxd4 exd4 10. Nf4 Bd7
11. Bb2 Nc6 12. e5 Nxe5 13. Bxd4 Bc6 14. Bxe5 Qe7 15. Qe2 Rae8 16. O-O Qxe5 17. Qg2 b5 18. Rae1 Qb2 19. Qh3 g6 20. g4 Qd4+
21. Re3 Qxf4 22. g5 Rxe3 23. dxe3 Qxe3+ 24. Rf2 Nh5 25. Qg4 f6 26. Kg2 Qxg5 27. Qxg5 fxg5 28. Kg1 a5 29. c4 b4 30. axb4 axb4
31. c5 Rb8 32. Bc4+ Kh8 33. Bd3 b3 34. Be4 Bxe4 35. fxe4 b2 36. Kg2 b1=Q 37. e5 Qe4+
0-1

[Event "New England -v- knightworm78 on 13 boards"]
[Site "SchemingMind.com"]
[Date "2017.11.20"]
[Round "-"]
[White "MattB"]
[Black "Brian Morris"]
[Result "1-0"]
[WhiteCountry "USA"]
[BlackCountry "WLS"]
[WhiteElo "1331"]
[WhiteRD "72"]
[BlackElo "1218"]
[BlackRD "101"]
[GameID "420879"]

1. e4 e5 2. Nf3 Bd6 3. Bc4 Qe7 4. O-O Nf6 5. d3 a6 6. Bg5 b5 7. Bb3 h6 8. Bh4 g5 9. Bg3 Nc6 10. Nbd2 Bb7
11. c3 a5 12. a3 a4 13. Ba2 O-O-O 14. b3 Bc5 15. bxa4 Nh5 16. d4 exd4 17. cxd4 Bxd4 18. Rb1 d6 19. axb5 Na5 20. Nxd4 Qf6
21. Qg4+ Kb8 22. Nc6+ Bxc6 23. bxc6+ Ka8 24. Qe2 Ng7 25. Qa6#
1-0

[Event "New England -v- knightworm78 on 13 boards"]
[Site "SchemingMind.com"]
[Date "2017.11.23"]
[Round "-"]
[White "Brian Morris"]
[Black "MattB"]
[Result "1-0"]
[WhiteCountry "WLS"]
[BlackCountry "USA"]
[WhiteElo "1218"]
[WhiteRD "101"]
[BlackElo "1331"]
[BlackRD "72"]
[GameID "420892"]

1. e4 e5 2. Nf3 Nc6 3. a3 Nf6 4. Nc3 Bc5 5. Qe2 O-O 6. b4 Bb6 7. Bb2 d5 8. O-O-O Bg4 9. exd5 Nxd5 10. h3 Nf4
11. Qe4 Bxf2 12. hxg4 a6 13. Qxh7#
1-0

[Event "New England -v- knightworm78 on 13 boards"]
[Site "SchemingMind.com"]
[Date "2017.11.18"]
[Round "-"]
[White "Carl Lenox"]
[Black "Chessibelle"]
[Result "0-1"]
[WhiteCountry "CAN"]
[BlackCountry "ENG"]
[WhiteElo "1240"]
[WhiteRD "90"]
[BlackElo "1107"]
[BlackRD "60"]
[GameID "420880"]

1. e4 e5 2. Nf3 Nc6 3. Bb5 Nge7 4. O-O g6 5. c3 Bg7 6. Re1 d6 7. a3 O-O 8. b4 Bd7 9. Ba4 a6 10. Bb2 b5
11. Bb3 Kh8 12. d3 f5 13. Nbd2 Bh6 14. d4 Bg7 15. d5 Na7 16. Ng5 c6 17. dxc6 Naxc6 18. Qf3 Ng8 19. Qh3 Qxg5 20. Nf3 Qf6
21. Rad1 h5 22. Nh4 Bh6 23. a4 Bc8 24. a5 fxe4 25. Rxe4 Bxh3 26. gxh3 Qxf2+ 27. Kh1 Nce7 28. Rg1 Nf5 29. Nxg6+ Kg7 30. Nxf8+ Kxf8
31. Bxg8 Qf3+ 32. Rg2 Qxe4
0-1

[Event "New England -v- knightworm78 on 13 boards"]
[Site "SchemingMind.com"]
[Date "2017.11.18"]
[Round "-"]
[White "Chessibelle"]
[Black "Carl Lenox"]
[Result "0-1"]
[WhiteCountry "ENG"]
[BlackCountry "CAN"]
[WhiteElo "1107"]
[WhiteRD "60"]
[BlackElo "1240"]
[BlackRD "90"]
[GameID "420893"]

1. e4 c5 2. d3 a6 3. b3 b5 4. Nd2 Nc6 5. g3 g6 6. Ngf3 Nf6 7. Bg2 Bg7 8. Bb2 a5 9. a4 b4 10. O-O d6
11. c3 Ng4 12. Rb1 e5 13. Nc4 O-O 14. Ne3 Re8 15. Nh4 h5 16. f3 Nxe3 17. Qe2 Nxf1 18. Kxf1 Qd7 19. Qe3 Bb7 20. Bc1 bxc3
21. Qe2 Nd4 22. Qa2 c2 23. Ra1 Ba6 24. Kf2 Bxd3 25. Qb2 Qe7 26. Be3 Qe6 27. Bg5 Rab8 28. Rc1 Rxb3 29. Qa1 Reb8 30. Qa2 Ne2
31. Re1 c1=Q 32. Bxc1 Qc4 33. Bf1 Qd4+ 34. Kg2 Qg1+ 35. Kh3 Nxc1 36. Rxc1 Bxf1+ 37. Ng2 Rb2 38. Qd5 Qxg2+ 39. Kh4 Qh3+ 40. Kg5 Rd8
41. Qc6 Rxh2
0-1

[Event "New England -v- knightworm78 on 13 boards"]
[Site "SchemingMind.com"]
[Date "2017.11.19"]
[Round "-"]
[White "roscoe"]
[Black "Henk Miedema"]
[Result "0-1"]
[WhiteCountry "USA"]
[BlackCountry "NED"]
[WhiteElo "1200"]
[WhiteRD "89"]
[BlackElo "993"]
[BlackRD "64"]
[GameID "420881"]

1. Nf3 d5 2. d4 Nf6 3. g3 e6 4. a3 Bd6 5. Bg2 Bd7 6. O-O Nc6 7. Nbd2 O-O 8. Re1 Qe7 9. c4 Na5 10. b4 Nc6
11. c5 Bxg3 12. fxg3 b6 13. e4 Qd8 14. Bh3 a5 15. Bb2 Nh5 16. Ne5 Nf6 17. exd5 exd5 18. Nxd7 Nxd7 19. Nf3 Nf6 20. Ne5 Nb8
21. Ng4 Nbd7 22. Ne5 a4 23. Nc6 Qc8 24. Ne7+ Kh8 25. Nxc8 Rfxc8 26. cxb6 cxb6 27. Rc1 Ne4 28. Rxc8+ Rxc8 29. Bxd7 Rd8 30. Bxa4 Nd6
31. Bc2 Nc4 32. Bc1 Nd6 33. Re5 Nc4 34. Qh5 g6 35. Qg5 Nxe5
0-1

[Event "New England -v- knightworm78 on 13 boards"]
[Site "SchemingMind.com"]
[Date "2017.11.18"]
[Round "-"]
[White "Henk Miedema"]
[Black "roscoe"]
[Result "1-0"]
[WhiteCountry "NED"]
[BlackCountry "USA"]
[WhiteElo "993"]
[WhiteRD "64"]
[BlackElo "1200"]
[BlackRD "89"]
[GameID "420894"]

1. d4 d5 2. e3 a6 3. Nf3 Nf6 4. Bd3 g6 5. c3 b5 6. Bd2 Nbd7 7. Na3 Bg7 8. Qe2 O-O 9. b4 Ne4 10. Nb1 Nxd2
11. Nbxd2 e5 12. a3 e4 13. Bc2 exf3 14. Qxf3 Nb6 15. O-O-O Nc4 16. Nf1 Nxa3 17. Bd3 h5 18. Qe2 a5 19. Kb2 Nc4+ 20. Kb1 axb4
21. Kc2 Ra2+ 22. Kc1 Rxe2 23. Bxe2 bxc3 24. Ng3 Na3 25. Nf1 b4 26. Ng3 Nc4 27. Kc2 c6 28. h4 Qa5 29. Kd3 Nb2+ 30. Kc2 c5
31. Ra1 Na4 32. Ra2 cxd4 33. exd4 Bxd4 34. Kb3 Bd7 35. Rha1 Qc5 36. Rxa4
1-0